| 000 | 01712nam a2200217Ia 4500 | ||
|---|---|---|---|
| 999 |
_c41530 _d41530 |
||
| 003 | OSt | ||
| 005 | 20201010124136.0 | ||
| 008 | 160316s2013 xxu||||| |||| 00| 0 eng d | ||
| 020 | _a9783830550242 | ||
| 040 | _cNLS | ||
| 082 |
_a341.470000 _bHOB |
||
| 100 | _aHobe Stephan | ||
| 245 | _aCologne commentary on space law Vol. II Resuce agreement, liability convention, registration convention, moon agreement | ||
| 260 |
_aDeutsche _bCarl Heymanns Berlag _c2013 |
||
| 300 |
_a446p _cxxxix |
||
| 365 | _b $ 82.00 | ||
| 505 | _aDescription The Cologne Commentary on Space Law is a three-volume annotation on the written norms of space law as enunciated through the Treaties of the United Nations and its General Assembly Resolutions which was first published between 2009 and 2015. In the Commentary, a broad international authorship of worldwide recognized experts addresses the historical overview and provides a provision-by-provision interpretation of the international treaties and the UN GA Resolutions on space law. Thereby, in-depth insights into the subsequent state practice, present-day applicability and future perspectives of the norms of space law are provided. Volume II builds upon Volume I of the Commentary and addresses the four UN Treaties that were adopted after the 1967 Outer Space Treaty: the 1968 Rescue Agreement, the 1972 Liability Convention, the 1975 Registration Convention and the 1979 Moon Agreement. For the Russian translation of Volume II, the text of the Commentary has been updated to reflect the relevant most recent developments up to 2019. | ||
| 650 | _a1. International Space Law - Commentary | ||
| 700 |
_aSchmidt-Tedd Bernhard _aSchrogl Kai-Uwe |
||
| 942 |
_2ddc _cBK |
||